'Q' in Every Category Quiz Stats

Quiz Updated Sep 23, 2016

Also try: Sporcle Revisited
Challenge
Share
Tweet
Embed
Score 0/45 Timer 15:00
2 Plays Today
Hint Answer % Correct
SportsQuarterback
93.5%
GeographyQuƩbec
92.2%
MusicQueen
91.3%
GeographyQatar
86.9%
Just For FunQuack
86.6%
EntertainmentQuentin
81.4%
LiteratureQuasimodo
77.2%
EntertainmentQuaid
77%
LanguageQuestion Mark
76.2%
MusicQ-Tip
76.1%
LiteratureQuixote
75.9%
ScienceQuadriceps femoris
75.5%
ReligionQur'an
74.5%
EntertainmentQuincy
74.5%
LanguageQWERTY
72.6%
TelevisionQueer Eye
72.5%
LiteratureQuidditch
70.2%
MoviesQuantum of Solace
68.9%
Just For FunQuark
66.8%
MiscellaneousQantas
66.6%
TelevisionQuantum Leap
66.2%
MiscellaneousQuinoa
64.9%
ScienceQuartz
64.8%
Hint Answer % Correct
Just For FunQuirk
64.4%
GeographyQuito
63.3%
HistoryQuayle
59.3%
SportsQuakers
59%
TelevisionQuagmire
54.5%
HolidayQuinceaƱera
48.7%
HistoryQuinine
48.5%
MoviesQuarantine
48.3%
ScienceQuasar
43.5%
HistoryQing
40.8%
MoviesQui-Gon Jinn
40.8%
GamingQ*bert
37.7%
HolidayQuadrennial
23.4%
ReligionQuetzalcoatl
22%
SportsQuaresma
10.7%
LanguageQoph
7.8%
HolidayQuirinius
6.3%
MusicQ Lazzarus
5%
MiscellaneousQuadrivium
4.4%
GamingQuan Chi
4.2%
GamingQwirkle
3%
ReligionQuaoar
2.9%

You're not logged in!

Compare scores with friends on all Sporcle quizzes.
Sign Up with Email
OR
Log In

You Might Also Like...

Show Comments

Extras

Top Quizzes Today


Score Distribution

Your Account Isn't Verified!

In order to create a playlist on Sporcle, you need to verify the email address you used during registration. Go to your Sporcle Settings to finish the process.